000 01111nam a22003377a 4500
003 CHAP
005 20220329141334.0
008 971013s1988 r 00010 d
010 _a66630
011 _a67602
035 _a77073
040 _cCHAP
090 _aTesis
100 0 0 _aTorres García, Tirso.
_9114110
245 _aRespuesta de Ascosphaera apis a la aplicación de fármacos comerciales in vitro
260 _aMarín, N. L. :
_bEl autor,
_c1988
300 _a35 h.
_b: ilus.
500 _a28-246
502 _aTesis (Ing. Agrónomo Parasitólogo) -- Universidad Autónoma de Nuevo León. Fac. de Agronomía
590 _aALEPH
_b10
_c20130110
_lUCH01
_h1401
590 _aBATCH-UPD
_b10
_c20130110
_lUCH01
_h0531
590 _aBATCH-UPD
_b10
_c20130111
_lUCH01
_h0002
590 _aBATCH-UPD
_b10
_c20130410
_lUCH01
_h0211
590 _aBATCH-UPD
_b10
_c20130914
_lUCH01
_h0417
590 _aCONVERSION
_b10
_c20130109
_lUCH01
_h1337
650 1 4 _aAbejas
_xEnfermedades.
_9186
650 1 4 _aAscosphaera.
_97882
901 _aBK
942 _cTESIS
949 _bBC
_cTES
_d-29935
_eTS1
_h21273
_i77073
_si
999 _c66630
_d66630